[Event "Dieren op"]
[Site "Dieren"]
[Date "1990.??.??"]
[Round "4"]
[White "Van Wely, Loek"]
[Black "Kirov, Nino"]
[Result "1/2-1/2"]
[WhiteElo "2400"]
[BlackElo "2475"]

1.d4 d5 2.Nf3 Nf6 3.c4 c6 4.Nc3 dxc4 5.e4 b5 6.e5 Nd5 7.a4 e6 8.Ng5 h6 9.Nge4 b4
10.Nb1 Qh4 11.Qf3 Ba6 12.Nbd2 Qf4 13.Nxc4 Qxf3 14.gxf3 Bxc4 15.Bxc4 Nd7 16.Be3 f5
17.exf6 gxf6 18.Rc1 f5 19.Bxd5 cxd5 20.Ng3 Bd6 21.Nh5 Ke7 22.Ke2 Rac8 23.h4 b3
24.Rhg1 Rxc1 25.Rxc1 e5 26.Rc6 f4 27.Bd2 Nb6 28.Rc3 Nxa4 29.Rxb3 Rc8 30.Rb7+ Ke6
31.Rxa7 Nxb2 32.dxe5 Bxe5 33.Nxf4+ Bxf4 34.Bxf4 Rc2+ 35.Kf1 Rc4 36.Ra6+ Kf5
37.Bxh6 Rxh4 38.Ke2 Rc4 39.Bd2 Ra4 40.Rxa4 Nxa4 41.Kd3 Nb2+ 42.Kd4 Nc4 43.Kxd5 Ne5
44.Be3  1/2-1/2

[Event "Dieren op"]
[Site "Dieren"]
[Date "1990.??.??"]
[Round "5"]
[White "Van Wely, Loek"]
[Black "Van Riemsdijk, Herman C"]
[Result "0-1"]
[WhiteElo "2400"]
[BlackElo "2440"]

1.d4 d5 2.Nf3 Nf6 3.c4 e6 4.Nc3 Bb4 5.Bg5 c5 6.cxd5 exd5 7.e3 O-O 8.Be2 h6
9.Bxf6 Qxf6 10.O-O Be6 11.Nb5 Nc6 12.Nc7 Rac8 13.Nxe6 fxe6 14.a3 Ba5 15.dxc5 Qxb2
16.Bd3 Ne5 17.Nd4 Rf6 18.Bc2 Rxc5 19.Rb1 Qxa3 20.Qh5 Nf7 21.Rxb7 Bc7 22.Rfb1 Nd6
23.R7b3 Qa5 24.R3b2 Qc3 25.h4 Bb6 26.g4 Rc8 27.g5 Rxf2 28.Qg6 Qxe3 29.Qh7+ Kf8
30.Nxe6+ Ke7  0-1

[Event "Lyngby op"]
[Site "Lyngby"]
[Date "1990.??.??"]
[Round "1"]
[White "Bjarnason, Saevar"]
[Black "Van Wely, Loek"]
[Result "0-1"]
[WhiteElo "2325"]
[BlackElo "2445"]

1.d4 Nf6 2.c4 g6 3.Nf3 Bg7 4.Nc3 d6 5.e4 O-O 6.Be3 e5 7.dxe5 dxe5 8.Qxd8 Rxd8
9.Nd5 Na6 10.O-O-O Bg4 11.h3 Bxf3 12.gxf3 Nd7 13.h4 c6 14.Nc3 Bf8 15.h5 Ndc5
16.Bh3 Nd3+ 17.Kb1 Nf4 18.Bg4 Bc5 19.hxg6 hxg6 20.Rxd8+ Rxd8 21.Rd1 Rb8 22.a3 Bxe3
23.fxe3 Ng2 24.b3 Nxe3 25.Rd2 Nc5 26.Kb2 Kg7 27.Re2 Nxg4 28.fxg4 Rd8 29.b4 Ne6
30.Rh2 Rd3 31.Rg2 Nd4 32.b5 f6 33.a4 a6 34.bxa6 bxa6 35.a5 Kh6 36.Na4 Rb3+
37.Ka2 Rb4 38.Nb6 Kg5 39.Rf2 c5 40.Ka3 Rb3+ 41.Ka2 Rf3 42.Rxf3 Nxf3 43.Kb2 Kxg4
44.Nd7 Nd2 45.Nxf6+ Kf4 46.Nd5+ Kxe4 47.Kc3 Nb1+ 48.Kc2 g5 49.Nc7 g4 50.Nxa6 Na3+
51.Kb3 Kd4 52.Nb8 g3 53.Nc6+ Ke3 54.a6 g2 55.a7 g1=Q 56.a8=Q Qd1+ 57.Ka2 Qb1+  0-1

[Event "Lyngby op"]
[Site "Lyngby"]
[Date "1990.??.??"]
[Round "3"]
[White "Okhotnik, Vladimir"]
[Black "Van Wely, Loek"]
[Result "1/2-1/2"]
[WhiteElo "2450"]
[BlackElo "2445"]

1.e4 c5 2.c3 d5 3.exd5 Qxd5 4.d4 Nf6 5.Nf3 Bg4 6.Be2 cxd4 7.cxd4 e6 8.O-O Nc6
9.Nc3 Qa5 10.h3 Bh5 11.Be3 Be7 12.Qb3 Qb4 13.Rfd1 Rd8 14.Qxb4 Bxb4 15.g4 Bg6
16.Ne5 O-O 17.Nxg6 hxg6 18.Bf3 Na5 19.Rac1 Rc8 20.Rc2 Bxc3 21.Rxc3 Rxc3 22.bxc3 Nd5
23.Rb1 b6 24.Bxd5 exd5 25.Kf1 f6 26.Ke2 Kf7 27.Kd3 Rc8 28.Bf4 Ke6 29.h4 Kd7
30.f3 Re8 31.Rg1 Rh8 32.Bg3 Nc4 33.Bf2 Ke6 34.Re1+ Kf7 35.Bg3 Rc8 36.Bf4 Rh8
37.Bg3 Rd8 38.Bc7 Rd7 39.Bf4 Rb7 40.Re2 b5 41.Re1 Rb6 42.Rb1 Ke6 43.Re1+ Kf7
44.Rb1 Ke6 45.Re1+ Kd7 46.Rb1 a5 47.Re1 Rb7 48.Rb1 Kc6 49.Re1 Kd7 50.Rb1 Kc6
51.Re1 b4 52.Re8 b3  1/2-1/2

[Event "Lyngby op"]
[Site "Lyngby"]
[Date "1990.??.??"]
[Round "5"]
[White "Christensen, Tobias"]
[Black "Van Wely, Loek"]
[Result "0-1"]
[WhiteElo "2255"]
[BlackElo "2445"]

1.e4 d6 2.d4 Nf6 3.Nc3 g6 4.g3 Bg7 5.Bg2 O-O 6.Nge2 Nbd7 7.h3 c5 8.Be3 cxd4
9.Nxd4 Nb6 10.Qe2 e5 11.Nb3 Be6 12.Bxb6 Qxb6 13.O-O a5 14.Rab1 Rfc8 15.Nd2 a4
16.a3 h5 17.Rfd1 Bh6 18.Nf1 h4 19.Kh2 hxg3+ 20.fxg3 Kg7 21.Bf3 Rh8 22.g4 Bf4+
23.Kg2 Rh4 24.Ng3 Nh7 25.Nh1 Ng5 26.Qf2 Qxf2+ 27.Nxf2 Be3 28.Rxd6 Bxf2 29.Kxf2 Nxf3
30.Kxf3 Rxh3+ 31.Kf2 Rh2+ 32.Ke3 Rah8 33.Rf1 Bxg4 34.Kd3 R8h3+ 35.Kc4 Rxc2  0-1

[Event "Lyngby op"]
[Site "Lyngby"]
[Date "1990.??.??"]
[Round "6"]
[White "Van Wely, Loek"]
[Black "Fedder, Steen"]
[Result "1/2-1/2"]
[WhiteElo "2445"]
[BlackElo "2400"]

1.d4 Nf6 2.c4 g6 3.Nc3 d5 4.Bf4 Bg7 5.Nf3 O-O 6.Rc1 dxc4 7.e3 c5 8.Bxc4 cxd4
9.exd4 Nbd7 10.Bb3 Nb6 11.d5 Bf5 12.O-O Rc8 13.Re1 Nc4 14.Qe2 Na5 15.Rcd1 Nxb3
16.axb3 Qb6 17.h3 Rfe8 18.Be3 Qxb3 19.Nd4 Qb4 20.Nxf5 gxf5  1/2-1/2

[Event "Lyngby op"]
[Site "Lyngby"]
[Date "1990.??.??"]
[Round "7"]
[White "Fette, Martin"]
[Black "Van Wely, Loek"]
[Result "0-1"]
[WhiteElo "2360"]
[BlackElo "2445"]

1.e4 d6 2.d4 Nf6 3.Nc3 g6 4.f4 Bg7 5.Nf3 c5 6.Bb5+ Bd7 7.e5 Ng4 8.e6 Bxb5
9.exf7+ Kd7 10.Nxb5 Qa5+ 11.Nc3 cxd4 12.Nxd4 h5 13.h3 Nc6 14.Ne2 Nh6 15.Be3 Nf5
16.Bf2 Rac8 17.O-O h4 18.a3 Nd8 19.Qd3 Ne6 20.Rad1 Rhf8 21.Qe4 Qa6 22.Nd5 Rc4
23.Qd3 Nc5 24.Qf3 Rxc2 25.Rfe1 Qc4 26.Qg4 e6 27.Nb4 Ne4 28.Nxc2 Nxf2 29.Kxf2 Qxc2
30.b4 Bd4+ 31.Rxd4 Nxd4 32.Kf1 Qd3 33.Kf2 Nc2 34.Rc1 Qe3+ 35.Kf1 Nd4 36.Re1 Nb3
37.Rd1 Nd2+ 38.Rxd2 Qxd2 39.Qxg6 Qb2 40.Qe4 d5 41.Qe3 b6 42.Nd4 Qb1+ 43.Kf2 Qe4
44.Nf3 Qxe3+ 45.Kxe3 Ke7 46.Nxh4 Kxf7 47.Nf3 Rc8 48.Kd2 Kf6 49.Nd4 e5 50.fxe5+ Kxe5
51.Kd3 Rc1 52.Nf3+ Kf4 53.h4 Rd1+ 54.Kc2 Ra1 55.Kb2 Rf1 56.h5 Rh1 57.Kc3 Ke3  0-1

[Event "Metz op"]
[Site "Metz"]
[Date "1990.??.??"]
[Round "6"]
[White "Rechel, Bernd"]
[Black "Van Wely, Loek"]
[Result "0-1"]
[WhiteElo "2285"]
[BlackElo "2445"]

1.g3 g6 2.Bg2 Bg7 3.Nf3 Nf6 4.O-O O-O 5.d3 d6 6.e4 c5 7.Re1 e5 8.a4 Nc6 9.c3 h6
10.Nbd2 Re8 11.Nc4 Be6 12.Nfd2 Qc7 13.h3 Rad8 14.Qb3 Kh7 15.Qb5 Ng8 16.a5 Nf6
17.Nf3 Re7 18.Bd2 Nb4 19.Ncxe5 Nc2 20.Nc4 Nxa1 21.Rxa1 d5 22.Bf4 Qd7 23.Qxd7 Rexd7
24.Nce5 Re7 25.a6 dxe4 26.dxe4 Nd7 27.axb7 Nxe5 28.Nxe5 Rxb7 29.Nc6 Rdd7  0-1

[Event "Metz op"]
[Site "Metz"]
[Date "1990.??.??"]
[Round "7"]
[White "Van Wely, Loek"]
[Black "Spassov, Liuben"]
[Result "1/2-1/2"]
[WhiteElo "2445"]
[BlackElo "2400"]

1.d4 Nf6 2.c4 e6 3.Nc3 Bb4 4.g3 c5 5.Nf3 cxd4 6.Nxd4 O-O 7.Bg2 d5 8.cxd5 Nxd5
9.Bd2 Bxc3 10.bxc3 e5 11.Nc2 Nc6 12.c4 Nde7 13.Ne3 Be6 14.O-O Qd7 15.Bc3 Rfd8
16.Qxd7 Rxd7 17.Rfb1 Rc8 18.Kf1 b6 19.a4 Nd4 20.Rb4 Nef5 21.Nxf5 Bxf5 22.Rd1 Be6
23.Bxd4 exd4 24.Bd5  1/2-1/2

[Event "Metz op"]
[Site "Metz"]
[Date "1990.??.??"]
[Round "8"]
[White "Van Wely, Loek"]
[Black "Ivanovic, Bozidar"]
[Result "0-1"]
[WhiteElo "2445"]
[BlackElo "2520"]

1.d4 Nf6 2.c4 e6 3.Nc3 Bb4 4.g3 c5 5.Nf3 cxd4 6.Nxd4 Nc6 7.Bg2 d5 8.O-O O-O
9.cxd5 exd5 10.Bg5 Be6 11.Nxe6 fxe6 12.Qb3 Bxc3 13.Qxc3 Rc8 14.Rad1 Qb6 15.Qe3 Qxe3
16.Bxe3 b6 17.Bf4 Rfd8 18.Rfe1 Kf7 19.e4 dxe4 20.Rxd8 Rxd8 21.Bxe4 Nxe4 22.Rxe4 b5
23.Re3 Rd1+ 24.Kg2 Ke7 25.Rc3 Kd7 26.Kf3 Rd5 27.Ke4 a6 28.g4 Rd4+ 29.Ke3 Rd5
30.Ke4 g5 31.Be3 Ne5 32.h3 Nc4 33.b3 Nd6+ 34.Kf3 h6 35.Bb6 Ne8 36.b4 Nf6
37.Rc7+ Kd6 38.Ra7 Rd3+ 39.Be3 Ra3 40.Rg7 Nd5 41.Rg6 Nxb4 42.Rxh6 Nd5 43.Rg6 Nxe3
44.fxe3 Rxa2 45.Rxg5 b4 46.Ke4 b3 47.Kd3 Rg2 48.Rg8 Kc7 49.Rg7+ Kc6 50.Rg8 a5
51.Rb8 a4 52.Kc3 e5 53.g5 Kc5 54.Rc8+ Kd5 55.Rd8+ Ke4 56.Rd2 Rxg5 57.Kb4 Rg3
58.Kxa4 Rxe3 59.Rh2 b2 60.Rxb2 Rxh3 61.Kb4 Rd3 62.Kc4 Rd8 63.Re2+ Kf4 64.Rf2+ Ke3
65.Rh2 e4 66.Rh3+ Kf2 67.Kc3 e3 68.Rh2+ Kg3 69.Rh7 e2 70.Re7 Kf2 71.Rf7+ Ke1
72.Ra7 Re8  0-1

[Event "Metz op"]
[Site "Metz"]
[Date "1990.??.??"]
[Round "9"]
[White "Shvidler, Eliahu"]
[Black "Van Wely, Loek"]
[Result "1/2-1/2"]
[WhiteElo "2400"]
[BlackElo "2445"]

1.d4 Nf6 2.Nf3 g6 3.g3 Bg7 4.Bg2 O-O 5.O-O d6 6.h3 Nbd7 7.Nc3 e5 8.dxe5 dxe5
9.Be3 Qe7 10.Qc1 Nb6 11.Rd1 Nc4 12.Bg5 c6 13.b3 Nb6 14.Ne4 Nbd5 15.c4 Bf5
16.Nxf6+  1/2-1/2

[Event "Rotterdam knok"]
[Site "Rotterdam"]
[Date "1990.??.??"]
[Round "1"]
[White "Van Wely, Loek"]
[Black "Van de Oudeweetering, Arthur"]
[Result "1-0"]
[WhiteElo "2445"]
[BlackElo "2345"]

1.d4 d5 2.Nf3 c6 3.g3 Nf6 4.Bg2 Bg4 5.O-O Nbd7 6.b3 e6 7.Nbd2 Bd6 8.Bb2 O-O
9.c4 Qe7 10.Re1 Ba3 11.Qc1 Bxb2 12.Qxb2 h6 13.e4 dxe4 14.Nxe4 Nxe4 15.Rxe4 Bf5
16.Re3 Qf6 17.h3 Rfd8 18.Qc3 Nb6 19.Rae1 Nd7 20.Qb4 Rab8 21.Qa5 a6 22.Qc7 Nf8
23.a4 Bg6 24.b4 Rdc8 25.Qa5 Nd7 26.c5 Bh5 27.b5 axb5 28.axb5 Bxf3 29.Bxf3 e5
30.Bg4 exd4 31.Rf3 Qd8 32.Qa2 Nf6 33.Bxc8 Qxc8 34.Kg2 cxb5 35.Re7 Qf8 36.Rc7 Rc8
37.Rxb7 Rxc5 38.Qa7 Rc8 39.Qxd4 Rb8 40.Rd7 b4 41.Ra7 Qc8 42.Rb3 Qc6+ 43.Kh2 Re8
44.Re3 Rb8 45.Ree7 Rf8 46.Reb7 Nd5 47.Rd7 Nf6 48.Rdb7 Nd5 49.Qd3 Qc5 50.Qf3 Nf6
51.Rc7 Qd6 52.Rab7 Qd4 53.Kg2 Qd6 54.Qb3 Qd5+ 55.Qxd5 Nxd5 56.Rd7 Nf6 57.Rd4 g6
58.Rdxb4 Kg7 59.Rc4 Nh7 60.Ra7 h5 61.Rcc7 Nf6 62.Kf3 Nd5 63.Rcb7 Nf6 64.Kf4 Nh7
65.h4 Nf6 66.f3 Nd5+ 67.Ke5 Nf6 68.Re7 Ng8 69.Reb7 Nf6 70.Kd6 Ng8 71.Ke5 Nh6
72.Kf4 Rc8 73.Rc7 Rb8 74.Rc4 Rb6 75.g4 Rb8 76.gxh5 gxh5 77.Ra5 Rb6 78.Rxh5 Rf6+
79.Ke4 Ng8 80.Rg5+ Rg6 81.f4 Kh6 82.Rc8 Nf6+ 83.Kf5 Nh7 84.Rxg6+ fxg6+ 85.Ke6 Kg7
86.Rc7+ Kh6 87.Rf7  1-0

[Event "Rotterdam knok"]
[Site "Rotterdam"]
[Date "1990.??.??"]
[Round "1"]
[White "Van Wely, Loek"]
[Black "Van de Oudeweetering, Arthur"]
[Result "1/2-1/2"]
[WhiteElo "2445"]
[BlackElo "2345"]

1.d4 d5 2.Nf3 Nf6 3.c4 c6 4.Nc3 e6 5.cxd5 exd5 6.Bg5 Be7 7.e3 Bf5 8.Be2 Nbd7
9.O-O O-O 10.Nh4 Bg6 11.Nxg6 hxg6 12.Rb1 a5 13.a3 Ne4 14.Bxe7 Qxe7 15.Nxe4 dxe4
16.d5 cxd5 17.Qxd5 Nc5 18.b4 axb4 19.axb4 Na4 20.Qb3 Nb6 21.h3 Rfd8 22.Rfd1 Rxd1+
23.Rxd1 Ra4 24.b5 Qf6 25.Qc2 Qe7 26.Qd2 Rb4 27.Qd8+ Qxd8 28.Rxd8+ Kh7 29.Rb8 Rb1+
30.Kh2 Rb2 31.Rxb7 Rxe2 32.Rxb6 Rxf2 33.Rb7 Re2 34.Rxf7 Rxe3 35.b6 Rb3 36.b7 g5
37.Kg1 Kg6 38.Rc7 e3 39.Kf1 Rb2 40.Ke1 Kh7 41.Kd1 e2+ 42.Ke1 Kg6 43.Re7  1/2-1/2

[Event "Rotterdam knok"]
[Site "Rotterdam"]
[Date "1990.??.??"]
[Round "1"]
[White "Van de Oudeweetering, Arthur"]
[Black "Van Wely, Loek"]
[Result "0-1"]
[WhiteElo "2345"]
[BlackElo "2445"]

1.e4 d6 2.d4 Nf6 3.Nc3 g6 4.f4 Bg7 5.Nf3 c5 6.Bb5+ Bd7 7.e5 Ng4 8.e6 Bxb5
9.exf7+ Kd7 10.Nxb5 Qa5+ 11.Nc3 cxd4 12.Nxd4 h5 13.h3 Nc6 14.Ne2 Nh6 15.Be3 Nf5
16.Bf2 Rac8 17.O-O h4 18.Rb1 Qa6 19.Ne4 Kc7 20.c3 Kb8 21.a3 Qc4 22.Ng5 Rhf8
23.b3 Qa6 24.a4 Bf6 25.c4 Bxg5 26.fxg5 Rxf7 27.Nf4 Ne5 28.Nd5 Qc6 29.a5 e6
30.Nf6 Nd7 31.Nxd7+ Rxd7 32.Qe2 d5 33.Qe5+ Ka8 34.Qf6 dxc4 35.bxc4 Rd2 36.Rbe1 Ng3
37.Rxe6 Qxc4 38.Bxg3 hxg3 39.a6 Qd5 40.axb7+ Qxb7 41.Qf3 Qxf3 42.Rxf3 Rc1+
43.Rf1 Rcc2 44.Rb1 Rxg2+ 45.Kf1 Rcf2+  0-1

[Event "Rotterdam knok"]
[Site "Rotterdam"]
[Date "1990.??.??"]
[Round "1"]
[White "Van de Oudeweetering, Arthur"]
[Black "Van Wely, Loek"]
[Result "0-1"]
[WhiteElo "2345"]
[BlackElo "2445"]

1.e4 d6 2.d4 Nf6 3.Nc3 g6 4.f4 Bg7 5.Nf3 c5 6.dxc5 Qa5 7.Bd3 Qxc5 8.Qe2 O-O
9.Be3 Qa5 10.O-O Bg4 11.h3 Bxf3 12.Qxf3 Nc6 13.a3 Nd7 14.Bd2 Qb6+ 15.Kh1 Nc5
16.Rab1 Nxd3 17.cxd3 e6 18.f5 Ne5 19.Qg3 Rfe8 20.f6 Bf8 21.Ne2 Qb3 22.Bc3 Rac8
23.Nf4 Kh8 24.h4 Bh6 25.Nh3 Qc2 26.d4 Nc4 27.e5 dxe5 28.dxe5 Ne3 29.Rfe1 Nf5
30.Qg4 Qb3 31.Ng5 Kg8 32.Re4 Rxc3 33.Rb4 Rg3 34.Rxb3 Rxg4 35.Nf3 b6 36.Rd1 Nxh4
37.Rd7 Nxf3 38.gxf3 Ra4 39.Rc3 Rf8 40.Rcc7 Bf4 41.Rxa7 Rxa7 42.Rxa7 Bxe5
43.Rb7 Bxb2 44.a4 Bxf6 45.Rxb6 Ra8  0-1

[Event "Rotterdam knok"]
[Site "Rotterdam"]
[Date "1990.??.??"]
[Round "1"]
[White "Van de Oudeweetering, Arthur"]
[Black "Van Wely, Loek"]
[Result "1-0"]
[WhiteElo "2345"]
[BlackElo "2445"]

1.e4 c5 2.c3 d5 3.exd5 Qxd5 4.d4 Nf6 5.Nf3 Bg4 6.Qa4+ Nc6 7.Bc4 Qe4+ 8.Be3 Bxf3
9.Nd2 Qg4 10.Nxf3 Qxg2 11.Ke2 e6 12.Bb5 Nd7 13.Rhg1 Qh3 14.Bxc6 bxc6 15.Qxc6 Rd8
16.dxc5 Qf5 17.Rad1 h6 18.Qa4 Bxc5 19.Rxd7 Rxd7 20.Rd1 O-O 21.Qxd7 Rb8 22.Rd2 Bxe3
23.fxe3 Qg4 24.Kf2 h5 25.Qc7 Rb5 26.Qg3 Qf5 27.Qf4 g5 28.Qxf5 Rxf5 29.Ke2 e5
30.e4 Rf4 31.Ke3 f6 32.c4 g4 33.Nh4 Rf1 34.Rc2 Re1+ 35.Kf2 Rxe4 36.c5 Rb4
37.c6 Rb8 38.c7 Rc8 39.Nf5 Kh7 40.Nd6 Rxc7 41.Rxc7+ Kg6 42.Rxa7 f5 43.b4 f4
44.b5 h4 45.Ne4 Kf5 46.Ra4 g3+ 47.hxg3 fxg3+ 48.Nxg3+ hxg3+ 49.Kxg3  1-0

[Event "Hoogovens-B"]
[Site "Wijk aan Zee"]
[Date "1990.??.??"]
[Round "2"]
[White "Peelen, Piet"]
[Black "Van Wely, Loek"]
[Result "0-1"]
[WhiteElo "2380"]
[BlackElo "2445"]

1.Nf3 Nf6 2.g3 g6 3.Bg2 Bg7 4.O-O O-O 5.c4 d6 6.Nc3 Nbd7 7.b3 e5 8.Bb2 Re8
9.d3 c6 10.Rc1 h6 11.Qd2 a6 12.Ne4 Nxe4 13.dxe4 Nc5 14.Ne1 b5 15.Nd3 bxc4
16.Nxc5 dxc5 17.Qxd8 Rxd8 18.Rxc4 Rd2 19.Bc3 Rxa2 20.Rxc5 Be6 21.b4 Rc8 22.Rb1 Rc2
23.Bd4 Rc4 24.Rxc4 Bxc4 25.Bc5 Bxe2 26.Bf1 Bb5 27.Ra1 Bf8 28.Bxb5 axb5 29.Ra7 Bxc5
30.bxc5 f5 31.f3 fxe4 32.fxe4 Rf8 33.Kg2 Rf6 34.h4 h5 35.Re7 Kf8 36.Ra7 Ke8
37.Ra8+ Kd7 38.Ra7+ Kc8 39.Re7 Kd8 40.Ra7 Kc8 41.Re7 Kb8 42.Rxe5 b4 43.Re7 b3
44.Re8+ Kb7 45.Rd8 b2 46.Rd1 Ka6 47.Rb1 Kb5 48.Rxb2+ Kxc5 49.Rd2 Rd6 50.Rxd6 Kxd6
51.g4 hxg4 52.Kg3 c5 53.Kxg4 c4 54.Kf4 c3 55.Ke3 Ke5 56.Kd3 c2 57.Kxc2 Kxe4
58.Kd2 Kf3 59.Ke1 Kg4  0-1

[Event "Berliner Sommer"]
[Site "Berlin"]
[Date "1991.??.??"]
[Round "?"]
[White "Van Wely, Loek"]
[Black "Welz, Thomas"]
[Result "1-0"]
[WhiteElo "2475"]
[BlackElo "2330"]

1.d4 c6 2.c4 d6 3.Nf3 Nf6 4.Nc3 Nbd7 5.e4 e5 6.Be2 Be7 7.O-O O-O 8.d5 Nc5
9.Qc2 Bg4 10.b4 Na6 11.a3 c5 12.Rb1 Nd7 13.Ne1 Bxe2 14.Qxe2 Rc8 15.Nb5 cxb4
16.axb4 Nb6 17.c5 dxc5 18.Nxa7 Ra8 19.bxc5 Bxc5 20.Nb5 f5 21.exf5 Qxd5 22.Nd3 Nc4
23.Nc3 Qf7 24.Ne4 Rac8 25.f6 gxf6 26.Bh6 Rfd8 27.Qf3 Be7 28.Rxb7 Rc7 29.Rxc7 Nxc7
30.Rc1 Ne8 31.h3 Rd4 32.Ng3 Ned6 33.Ne2 Rh4 34.Qg3+  1-0

[Event "Berliner Sommer"]
[Site "Berlin"]
[Date "1991.??.??"]
[Round "?"]
[White "Kuzmin, Alexey"]
[Black "Van Wely, Loek"]
[Result "0-1"]
[WhiteElo "2520"]
[BlackElo "2475"]

1.d4 Nf6 2.c4 g6 3.Nc3 Bg7 4.e4 d6 5.f3 O-O 6.Be3 Nbd7 7.Qd2 a6 8.O-O-O c6
9.e5 Ne8 10.f4 b5 11.c5 Nc7 12.Nf3 Re8 13.cxd6 exd6 14.Ne4 dxe5 15.fxe5 Nd5
16.Bh6 f6 17.Bxg7 Kxg7 18.h4 h5 19.Nd6 Re6 20.Qh6+ Kxh6 21.Nf7+ Kg7 22.Nxd8 Re8
23.Nxc6 Bb7 24.Na5 Rac8+ 25.Kd2 Ba8 26.exf6+ N7xf6 27.Bd3 Nf4 28.Rde1 Be4
29.Ne5 Bxd3 30.Nxd3 Ne4+  0-1

[Event "Kecskemet Szechenyi"]
[Site "Kecskemet"]
[Date "1991.??.??"]
[Round "1"]
[White "Schroll, Gerhard"]
[Black "Van Wely, Loek"]
[Result "1/2-1/2"]
[WhiteElo "2370"]
[BlackElo "2475"]

1.d4 Nf6 2.c4 g6 3.Nc3 Bg7 4.Nf3 d6 5.g3 O-O 6.Bg2 Nbd7 7.O-O e5 8.h3 Re8
9.e4 exd4 10.Nxd4 a6 11.Be3 Rb8 12.Qc2 c5 13.Nde2 b5 14.Rad1 Qe7 15.cxb5 axb5
16.Nf4 Bb7 17.Nxb5 Bxe4 18.Bxe4 Nxe4 19.Nd5 Qe6 20.Nbc7 Qxh3 21.Nxe8 Rxe8
22.Rfe1 Qf5 23.Bf4 Bd4 24.Rxd4 cxd4 25.Nc7 Re7 26.Qc6 g5 27.Nd5 Re8 28.f3 gxf4
29.g4 Qg5 30.Qxd7 Re6 31.Rxe4 Qxd5 32.Rxe6 fxe6 33.Qe8+  1/2-1/2

[Event "Kecskemet Szechenyi"]
[Site "Kecskemet"]
[Date "1991.??.??"]
[Round "3"]
[White "Lendwai, Reinhard"]
[Black "Van Wely, Loek"]
[Result "0-1"]
[WhiteElo "2405"]
[BlackElo "2475"]

1.e4 d6 2.d4 Nf6 3.Nc3 g6 4.Bg5 Bg7 5.Qd2 c6 6.f4 b5 7.Bd3 O-O 8.h3 b4 9.Nce2 d5
10.e5 Ne4 11.Bxe4 dxe4 12.Qxb4 Re8 13.Qd2 Qb6 14.c3 Be6 15.b3 Na6 16.Ng3 Rad8
17.Nxe4 c5 18.Nf3 cxd4 19.cxd4 Bd5 20.Qe2 Nb4 21.O-O Nc6 22.Rad1 f5 23.Nc3 Bxf3
24.Qxf3 Nxd4 25.Qf2 Qb4 26.Rd3 Ne6 27.Nd5 Qb7 28.Qf3 Rd7 29.Rfd1 Nc5 30.Rd4 Kh8
31.Kh2 Ne6 32.R4d3 Nxg5 33.fxg5 Bxe5+ 34.Kh1 Red8 35.Nb4 Qxb4 36.Rxd7 Rxd7  0-1

[Event "Kecskemet Szechenyi"]
[Site "Kecskemet"]
[Date "1991.??.??"]
[Round "4"]
[White "Mikhalchishin, Adrian"]
[Black "Van Wely, Loek"]
[Result "1/2-1/2"]
[WhiteElo "2520"]
[BlackElo "2475"]

1.e4 d6 2.d4 Nf6 3.Nc3 g6 4.f4 Bg7 5.Nf3 c5 6.Bb5+ Bd7 7.e5 Ng4 8.Bxd7+ Qxd7
9.h3 cxd4 10.Qxd4 Nh6 11.Qf2 Nc6 12.O-O O-O 13.Re1 Rad8 14.Be3 Nf5 15.Bxa7 Nxa7
16.Qxa7 dxe5 17.fxe5 Qc6 18.Qf2 h5 19.Re4 Rd7 20.Rae1 e6 21.Nd4  1/2-1/2

[Event "Krumbach op"]
[Site "Krumbach"]
[Date "1991.??.??"]
[Round "1"]
[White "Van Wely, Loek"]
[Black "Egger, Thomas"]
[Result "1-0"]
[WhiteElo "2460"]
[BlackElo "2275"]

1.d4 Nf6 2.c4 c5 3.d5 b5 4.cxb5 a6 5.b6 Qxb6 6.Nc3 d6 7.a4 g6 8.a5 Qc7 9.e4 Bg7
10.Bc4 O-O 11.Nge2 e5 12.f3 Ne8 13.Be3 f5 14.Qd2 Nd7 15.g4 f4 16.Bf2 Qd8
17.h4 h6 18.Nc1 Rb8 19.Nd3 Nc7 20.b4 cxb4 21.Ne2 Nf6 22.Nxb4 Bxg4 23.Nc6 Qe8
24.Qd3 Rb2 25.fxg4 Nxg4 26.Qf3 Qd7 27.O-O-O Rb7 28.Rd2 Kh7 29.Nc3 h5 30.Rb2 Ne8
31.Bxa6 Rxb2 32.Kxb2 Nef6 33.Bb6 Ra8 34.Bb5 Qb7 35.Nb4 Ne3 36.Kb3 Rb8 37.Nc6 Ra8
38.Nb4 Nd7 39.Bxd7 Qxd7 40.Bxe3 fxe3 41.a6 Bh6 42.Ra1 Qa7 43.Nb5 Qc5 44.Qf7+ Bg7
45.Rg1  1-0

[Event "Krumbach op"]
[Site "Krumbach"]
[Date "1991.??.??"]
[Round "2"]
[White "Korneev, Oleg"]
[Black "Van Wely, Loek"]
[Result "0-1"]
[WhiteElo "2345"]
[BlackElo "2460"]

1.e4 d6 2.d4 Nf6 3.Nc3 g6 4.f4 Bg7 5.Nf3 c5 6.dxc5 Qa5 7.Bd3 Qxc5 8.Qe2 Bg4
9.Be3 Qa5 10.O-O O-O 11.h3 Bxf3 12.Qxf3 Nc6 13.Ne2 Nd7 14.c3 Nde5 15.fxe5 Nxe5
16.Qg3 Nxd3 17.Bg5 Rae8 18.Bxe7 Qb6+ 19.Kh1 Rxe7 20.Qxd3 Qxb2 21.Nf4 Rfe8
22.Qxd6 Be5 23.Qd1 Bxf4 24.Rxf4 Rxe4 25.Rf1 Qxc3 26.Rc1 Qa5 27.Qb3 R4e7 28.Rc2 Qa6
29.Rcf2 Qe6 30.Qa4 b6 31.Rf6 Qd7 32.Qb3 Rc8 33.Rd1 Qe8 34.Kh2 Re3 35.Qd5 Rc5
36.Qd2 Re2 37.Qf4 Qa8 38.Rg1 Rcc2 39.Qg4 Rxa2 40.Kh1 Qe4 41.Rf4 Qe6 42.Qh4 Qe7
43.Qg4 Re1 44.Rxe1 Qxe1+ 45.Kh2 Qe6 46.Qg3 Qe5 47.h4 Re2  0-1

[Event "Krumbach op"]
[Site "Krumbach"]
[Date "1991.??.??"]
[Round "3"]
[White "Van Wely, Loek"]
[Black "Dautov, Rustem"]
[Result "1/2-1/2"]
[WhiteElo "2460"]
[BlackElo "2570"]

1.d4 Nf6 2.c4 e6 3.Nc3 Bb4 4.g3 c5 5.Nf3 cxd4 6.Nxd4 O-O 7.Bg2 d5 8.cxd5 Nxd5
9.Bd2 Bxc3 10.bxc3 e5 11.Nc2 Nc6 12.Nb4 Nde7 13.O-O Be6 14.Bg5 Qc7 15.Qa4 h6
16.Bxe7 Nxe7 17.Qb5 Rab8 18.Nd3 Rfc8 19.Qxe5 Qxe5 20.Nxe5 Rxc3 21.Rfc1 Ra3
22.Nc4 Ra6 23.a3 b5 24.Ne5 Ra4 25.e3 Rc8 26.Rxc8+ Nxc8 27.Nd3 Rc4 28.Nf4 Nb6
29.Nxe6 fxe6 30.Rb1 a6 31.Rd1 Kf7 32.Bb7 Ra4 33.Rd6 Nc4 34.Rc6 a5 35.Bc8 e5
36.Be6+ Ke7 37.Bxc4 bxc4 38.e4 Kd7 39.Rc5 Kd6 40.Rc8 Rxa3 41.Rxc4 g5 42.h4 gxh4
43.gxh4 a4 44.Kg2 Ra1 45.f3 a3 46.Rc3 Kd7 47.Kh2 Kd6 48.Kg2 a2 49.Ra3 Kc5
50.Ra8  1/2-1/2

[Event "Krumbach op"]
[Site "Krumbach"]
[Date "1991.??.??"]
[Round "4"]
[White "Van Wely, Loek"]
[Black "Lukov, Valentin"]
[Result "1-0"]
[WhiteElo "2460"]
[BlackElo "2445"]

1.d4 f5 2.g3 Nf6 3.Bg2 g6 4.Nf3 Bg7 5.O-O O-O 6.b3 d6 7.Bb2 Qe8 8.Nbd2 h6
9.Re1 g5 10.e4 fxe4 11.Nxe4 Nxe4 12.Rxe4 Bf5 13.Re3 Nc6 14.h3 Qg6 15.c4 Bf6
16.Qe2 Qg7 17.Ne5 Nd8 18.Ng4 Bxg4 19.Qxg4 c5 20.Rd1 Rb8 21.Qd7 Kh8 22.Qc7 Nc6
23.Bxc6 Rfc8 24.Qd7 Rd8 25.Qg4 bxc6 26.Re6 Rf8 27.Rd2 d5 28.cxd5 cxd5 29.dxc5 Bxb2
30.Rxb2 Rb4 31.Qxb4 Qxb2 32.Qe1 d4 33.Qe5+ Rf6 34.Rxf6 exf6 35.Qxf6+ Kh7
36.c6 Qb1+ 37.Kh2  1-0

[Event "Krumbach op"]
[Site "Krumbach"]
[Date "1991.??.??"]
[Round "9"]
[White "Van Wely, Loek"]
[Black "Galdunts, Sergey"]
[Result "1/2-1/2"]
[WhiteElo "2460"]
[BlackElo "2470"]

1.d4 Nf6 2.c4 e6 3.Nc3 d5 4.Nf3 Be7 5.Bg5 h6 6.Bxf6 Bxf6 7.e3 O-O 8.Qc2 Na6
9.Rd1 c5 10.dxc5 Qa5 11.cxd5 Nxc5 12.Nd4 exd5 13.Bd3 Bg4 14.Rd2 Rac8 15.O-O Rfd8
16.Bf5 Bxf5 17.Qxf5 Rd7 18.Rfd1 Rcd8 19.g3 Qa6 20.Ndb5 Qe6 21.Qxe6 fxe6 22.Nxa7 Bxc3
23.bxc3 Ne4 24.Rc2 Rc7 25.Nb5 Rc5 26.Rb1 e5 27.f3 Ng5 28.Kg2 d4 29.exd4 exd4
30.Rd2 d3 31.Rb3 Ne6 32.Kf2 Rh5 33.h4 g5 34.hxg5 Nc5 35.Rbb2 hxg5 36.Kg2 Kf7
37.Na3 Rdh8 38.Kf2 g4 39.fxg4 Re5 40.Kf3 Kg6 41.Nc4 Rf8+ 42.Kg2 Re4 43.Nd6 Re1
44.Nf5 Kg5 45.Rb5 Re2+ 46.Rxe2 dxe2 47.Kf2 Re8 48.Ne3 e1=Q+ 49.Kxe1 Rxe3+
50.Kd2 Re5 51.c4 Kxg4 52.Kc3 Kf5 53.Kb4 Nd3+ 54.Ka5 Ke4 55.Rxe5+ Nxe5 56.Kb6 Nxc4+  1/2-1/2

[Event "Krumbach op"]
[Site "Krumbach"]
[Date "1991.??.??"]
[Round "10"]
[White "Gallagher, Joseph G"]
[Black "Van Wely, Loek"]
[Result "1/2-1/2"]
[WhiteElo "2520"]
[BlackElo "2460"]

1.e4 d6 2.Nc3 g6 3.d4 Nf6 4.Nf3 Bg7 5.Be3 O-O 6.Qd2 a6 7.a4 b6 8.Bh6 Bb7
9.Bd3 Nbd7 10.O-O e6 11.Bxg7 Kxg7 12.Rfe1 c5 13.e5 Ng4 14.Be4 d5 15.Bd3 cxd4
16.Nd1 f6 17.exf6+ Qxf6 18.Qg5 Nh6 19.Qxf6+ Kxf6 20.Nxd4 e5 21.Nb3 Rac8 22.c3 Nf5
23.Ne3 Nxe3 24.Rxe3 Ke6 25.Bf1 Kd6 26.g3 Nc5 27.Nd2 a5 28.Rae1 Rfe8 29.Bb5 Bc6
30.Nf3 Bxb5 31.axb5 Ne4 32.Rd1 Nf6 33.Rde1 Ne4 34.Rd1 Rc4 35.Kg2 a4 36.h4 h6
37.Ne1 Nf6 38.Nc2 Rc5 39.Na3 e4 40.Rd4 Ra8 41.Re1 Ke5 42.Red1 Kf5 43.c4 Ke6
44.cxd5+ Rxd5 45.Nc4 Rad8 46.Rxd5 Rxd5 47.Rxd5 Nxd5 48.Kf1 h5 49.Ke2 Kf6
50.Kd2 Ke6 51.Ke2 Kf6 52.Kf1 Ke6 53.Ke2 Kf6  1/2-1/2

[Event "Mondorf op"]
[Site "Mondorf"]
[Date "1991.??.??"]
[Round "2"]
[White "Paehtz, Thomas Sr"]
[Black "Van Wely, Loek"]
[Result "1-0"]
[WhiteElo "2465"]
[BlackElo "2475"]

1.d4 Nf6 2.c4 g6 3.Nc3 Bg7 4.e4 d6 5.Nge2 O-O 6.Ng3 e5 7.d5 a5 8.h4 h5 9.Bg5 Qe8
10.Be2 Nh7 11.Be3 Qe7 12.Qd2 Bf6 13.O-O-O Bxh4 14.Nxh5 Bg5 15.f4 exf4 16.Nxf4 Nd7
17.Rh2 Re8 18.Rdh1 Ndf8 19.Kb1 Bf6 20.Bf3 a4 21.a3 Bg7 22.Nd3 Bd7 23.g4 Bf6
24.e5 dxe5 25.Ne4 Bg7 26.Bc5 Qd8 27.Rh4 f5 28.Qh2 Ng5 29.Bxf8 Nxf3 30.Rh8+ Kf7
31.Qh7 Nd2+ 32.Kc2 Rxf8 33.Qxg7+ Kxg7 34.R1h7+  1-0

[Event "Mondorf op"]
[Site "Mondorf"]
[Date "1991.??.??"]
[Round "3"]
[White "Van Wely, Loek"]
[Black "Kraus, Oliver"]
[Result "1-0"]
[WhiteElo "2475"]
[BlackElo "2235"]

1.d4 g6 2.c4 Bg7 3.Nc3 d6 4.Nf3 e5 5.e4 Nd7 6.Be2 Ne7 7.O-O O-O 8.d5 f5 9.Ng5 Nf6
10.f3 h6 11.Ne6 Bxe6 12.dxe6 f4 13.Qb3 Rb8 14.Rd1 b6 15.Qa4 a5 16.Nd5 Nfxd5
17.cxd5 g5 18.Bd2 h5 19.Rac1 Bf6 20.Rc2 Kh7 21.Qd7 Rb7 22.Rdc1 Kg6 23.Rxc7 Rxc7
24.Rxc7 Qb8 25.Rb7 Qc8 26.Qxc8 Rxc8 27.Bc3  1-0